[Event "U20ch-RUS w"]
[Site "Cheboksary RUS"]
[Date "2006.03.08"]
[Round "7"]
[White "Fominykh,M"]
[Black "Malysheva,P"]
[Result "1-0"]
[WhiteElo "2332"]
[BlackElo "2294"]

1.e4 c5 2.Nf3 Nc6 3.Bb5 g6 4.O-O Bg7 5.Re1 e5 6.Bxc6 dxc6 7.d3 Qe7 8.Be3 Nf6
9.h3 Nh5 10.Qd2 O-O 11.Na3 Nf4 12.Nc4 g5 13.Qa5 b6 14.Nxb6 axb6 15.Qxa8 Nxg2
16.Qxc6 Nxe1 17.Rxe1 Bxh3 18.Qxb6 Rc8 19.Bxg5 Qd7 20.Nh2 h6 21.Bh4 Kh7 22.Kh1 Rc6
23.Qd8 Qb7 24.Re3 Bc8 25.b3 f5 26.Rg3 f4 27.Rg1 Re6 28.Ng4 Rg6 29.Nf6+ Bxf6
30.Bxf6 Rxg1+ 31.Kxg1 Kg6 32.Bxe5 Kh5 33.Qc7 Qa6 34.Qf7+ Kg5 35.Qxf4+ Kg6
36.Qg3+ Kf7 37.Qg7+ Ke8 38.Qg8+  1-0

[Event "38th 8th March WGM"]
[Site "Belgrade SCG"]
[Date "2006.03.09"]
[Round "4"]
[White "Stojanovic,Mari"]
[Black "Marcetic,Ma"]
[Result "1-0"]
[WhiteElo "2187"]
[BlackElo "2245"]

1.e4 c5 2.Nf3 Nc6 3.Bb5 Na5 4.O-O a6 5.Be2 d6 6.c3 Nf6 7.Qc2 Bd7 8.d4 cxd4
9.Nxd4 e5 10.Nb3 Nxb3 11.axb3 Bc6 12.Bf3 Be7 13.c4 O-O 14.Nc3 Nd7 15.b4 b5
16.b3 Qb6 17.Be3 Qb7 18.Nd5 Bxd5 19.cxd5 Rfc8 20.Qd2 g6 21.Bg4 Bd8 22.Ra3 Rc7
23.Rfa1 Nb8 24.f4 exf4 25.Bxf4 Qb6+ 26.Be3 Qb7 27.e5 dxe5 28.d6 f5 29.dxc7 Bxc7
30.Bf3 e4 31.Be2 Bb6  1-0

[Event "XXII Open"]
[Site "Reykjavik ISL"]
[Date "2006.03.09"]
[Round "4"]
[White "Fressinet,L"]
[Black "Nataf,IA"]
[Result "1-0"]
[WhiteElo "2625"]
[BlackElo "2553"]

1.e4 c5 2.Nf3 Nc6 3.Bb5 e6 4.O-O Nge7 5.Re1 a6 6.Bf1 d5 7.exd5 Nxd5 8.d4 Nf6
9.Be3 Be7 10.c4 cxd4 11.Nxd4 Bd7 12.Nc3 O-O 13.Nb3 Ne5 14.Bg5 Ng6 15.Qd4 Qc7
16.Rad1 Rad8 17.Be3 Bc6 18.Qb6 Qb8 19.Qa7 Qc8 20.h3 Bd6 21.Rxd6 Rxd6 22.Bc5 Rfd8
23.Bxd6 Rxd6 24.Na5 Rd2 25.Re2 Rxe2 26.Bxe2 Ne4 27.Nxe4 Bxe4 28.Qd4 f5 29.Qd6 h6
30.b4 Nh4 31.f3 Bc6 32.Nxc6 bxc6 33.c5 Kh7 34.Bc4 Qe8 35.Qxe6 Qd8 36.Kh2 Qb8+
37.Kh1 h5 38.a3 Qg3 39.Qg8+ Kh6 40.Qh8+ Kg6 41.Qe8+ Kh6 42.Bf1 g6 43.Qxc6 Nxg2
44.Bxg2 Qe1+ 45.Kh2 Qe5+ 46.f4 Qxf4+ 47.Kg1 Qe3+ 48.Kf1 Qd3+ 49.Kf2 Qd2+
50.Kf3 Qd3+ 51.Kf4 Qd4+ 52.Be4 fxe4 53.Qxe4 Qf6+ 54.Ke3 Qc3+ 55.Qd3 Qe5+
56.Kf3 Kh7 57.Qd7+ Kh6 58.c6 Qc3+ 59.Ke4 Qc4+ 60.Ke5 Qc3+ 61.Kd6 Qxa3 62.c7 Qxb4+
63.Ke6 Qe4+ 64.Kf7 Qf4+ 65.Kg8 Qc4+ 66.Qf7  1-0

[Event "ch-USA GpA"]
[Site "San Diego USA"]
[Date "2006.03.09"]
[Round "7"]
[White "Gonzalez,Ren"]
[Black "Kudrin,S"]
[Result "0-1"]
[WhiteElo "2470"]
[BlackElo "2554"]

1.e4 c5 2.Nf3 Nc6 3.Bb5 d6 4.a4 Bd7 5.d3 g6 6.O-O Bg7 7.Nbd2 Nf6 8.Bxc6 Bxc6
9.e5 dxe5 10.Nxe5 Bd5 11.Re1 O-O 12.Qe2 b6 13.Ndc4 Rc8 14.Bd2 Ba8 15.Ng4 Nd5
16.Bh6 Bxh6 17.Nxh6+ Kg7 18.Ng4 f6 19.Qd2 e5 20.f3 Nf4 21.Nf2 h5 22.h4 Kh7
23.Ne4 Rg8 24.g3 Ne6 25.c3 g5 26.hxg5 Nxg5 27.Kg2 Nxf3 28.Kxf3 f5 29.Rh1 Rg5
30.Ke2 fxe4 31.dxe4 Bxe4 32.Qxd8 Rxd8 33.Rhd1 Rxd1 34.Rxd1 Rxg3 35.Nxe5 h4
36.Kf2 Rg5 37.Rd7+ Kg8 38.Rd8+ Kg7 39.Rd7+ Kf6 40.Nc4 h3 41.Rd6+ Kg7 42.Rd7+ Kh6
43.Rd6+ Bg6 44.Rd1 Rg2+ 45.Ke3 Bh5 46.Rh1 h2 47.b4 Kg5 48.Nd2 Re2+ 49.Kd3 c4+
50.Nxc4 Bf3  0-1

[Event "ch-BLR"]
[Site "Minsk BLR"]
[Date "2006.03.10"]
[Round "7"]
[White "Smirnov,Va"]
[Black "Fedorov,Alex"]
[Result "0-1"]
[WhiteElo "2403"]
[BlackElo "2608"]

1.e4 c5 2.Nf3 Nc6 3.Bb5 e6 4.c3 Nge7 5.d4 Qa5 6.Qa4 cxd4 7.Qxa5 Nxa5 8.cxd4 a6
9.Bd3 d5 10.Nc3 b5 11.exd5 exd5 12.O-O f6 13.Bf4 Be6 14.Rac1 Nec6 15.a4 b4
16.Nd1 Kd7 17.Ne3 g6 18.h4 Bd6 19.Bxd6 Kxd6 20.Rcd1 Ne7 21.Rfe1 Bd7 22.b3 Rhc8
23.Rc1 Rab8 24.Rxc8 Bxc8 25.Bc2 Rb7 26.Re2 Rc7 27.Ne1 Nec6 28.Rd2 Re7 29.Kf1 Bd7
30.g4 h5 31.N1g2 Bxg4 32.Nf4 Bf3 33.Nxg6 Re8 34.Nf5+ Kd7 35.Nf4 Rg8 36.Ng3 Rh8
37.Ng6 Rh6 38.Nf4 Ne7 39.Nd3 Nac6 40.Nc5+ Kd6 41.Nxa6 Rh8 42.Nc5 Rg8 43.Rd3 Bg4
44.Bd1 Bxd1 45.Rxd1 Rg4 46.Nxh5 Rxh4 47.Ng3 Nxd4 48.Rc1 f5 49.Nb7+ Ke5 50.Re1+ Kf6
51.Nd6 Nec6 52.Kg2 f4 53.Nf1 Nxb3 54.Nh2 Nbd4 55.f3 Rxh2+  0-1

[Event "XXII Open"]
[Site "Reykjavik ISL"]
[Date "2006.03.11"]
[Round "6"]
[White "Olafsson,D"]
[Black "Ptacnikova,L"]
[Result "1-0"]
[WhiteElo "2319"]
[BlackElo "2204"]

1.e4 c5 2.Nf3 Nc6 3.Bb5 g6 4.Bxc6 bxc6 5.O-O Bg7 6.Re1 f6 7.c3 Nh6 8.d4 cxd4
9.cxd4 Nf7 10.Nc3 d6 11.h3 O-O 12.Qc2 Bd7 13.Bf4 e5 14.dxe5 fxe5 15.Bg3 Qf6
16.Re3 Bh6 17.Rd3 Be6 18.Nh2 Qe7 19.Ne2 Rac8 20.Rc3 d5 21.Rd1 d4 22.Rxc6 Qb7
23.Rxc8 Rxc8 24.Qb1 Qa6 25.Nc1 Bxc1 26.Rxc1 Rxc1+ 27.Qxc1 Qxa2 28.Nf3 Qc4
29.Qxc4 Bxc4 30.Bxe5 d3 31.Bd4 a6 32.Nd2 Bb5 33.f3 Nd6 34.b3 a5 35.Kf2 a4
36.Bc5 Nb7 37.Bb4 axb3 38.Nxb3 Nd8 39.Ke3 Ne6 40.Bd6 Kf7 41.Nc1 d2 42.Kxd2 Bf1
43.g4 Ng5 44.Ke3 Bg2 45.Bf4 Nxf3 46.Kf2 Bh1 47.Ne2 g5 48.Be3 h5 49.gxh5 Ne5
50.Ng3 Bf3 51.Bd4 Nc6 52.Kxf3 Nxd4+ 53.Kg4 Kf6 54.h6 Nc6 55.h7 Ne5+ 56.Kh5 Nf7
57.Nf5 Nh8 58.Nd6 Ng6 59.Kh6 Nh8 60.e5+  1-0

[Event "ch-BLR"]
[Site "Minsk BLR"]
[Date "2006.03.12"]
[Round "9"]
[White "Kasparov,S"]
[Black "Maljush,A"]
[Result "1-0"]
[WhiteElo "2491"]
[BlackElo "2355"]

1.e4 c5 2.Nf3 Nc6 3.Bb5 g6 4.Bxc6 dxc6 5.d3 Bg7 6.h3 Qb6 7.Nbd2 h6 8.Rb1 Qa5
9.a3 Be6 10.O-O Nf6 11.b4 cxb4 12.axb4 Qc7 13.Bb2 O-O 14.Be5 Qc8 15.Qe2 Rd8
16.Nd4 Nh5 17.Bxg7 Kxg7 18.Qe3 g5 19.Ne2 Qc7 20.e5 Qb6 21.g4 Nf4 22.Nxf4 gxf4
23.Qxf4 Rd4 24.Qe3 Rad8 25.Ne4 Kh7 26.Nc5 Rxb4 27.Nxe6 fxe6 28.Qxb6 Rxb6
29.Rxb6 axb6 30.Ra1 Rd5 31.Ra7 Rxe5 32.Rxb7 b5 33.Rxe7+ Kg8 34.c4 bxc4 35.dxc4 h5
36.f3 hxg4 37.hxg4 Kf8 38.Rd7 Rc5 39.Rd4 e5 40.Re4 Kf7 41.Kf2 Kf6 42.f4 exf4
43.Rxf4+ Kg5 44.Ke3 Ra5 45.Re4 c5 46.Kf3 Kf6 47.Rf4+ Ke6 48.Rf5 Kd6 49.Rd5+ Kc6
50.Re5  1-0

[Event "XXII Open"]
[Site "Reykjavik ISL"]
[Date "2006.03.14"]
[Round "9"]
[White "Halldorsson,H"]
[Black "Gretarsson,Hj"]
[Result "0-1"]
[WhiteElo "2226"]
[BlackElo "2046"]

1.e4 c5 2.Nf3 Nc6 3.Bb5 e6 4.Bxc6 bxc6 5.d3 d6 6.Qe2 e5 7.O-O Ne7 8.Nh4 g6
9.f4 exf4 10.Bxf4 Bg7 11.Nd2 O-O 12.c3 Be6 13.Rae1 h6 14.Ndf3 Qd7 15.e5 Nd5
16.Bd2 Rae8 17.c4 Nb6 18.h3 dxe5 19.Nxe5 Qd4+ 20.Qf2 Bxe5 21.Rxe5 Qxe5 22.Bc3 Qg5
23.Bf6 Qh5 24.Bc3 f5 25.Qf4 Nd7  0-1

[Event "2nd Bundesliga West 2005-6"]
[Site "Austria AUT"]
[Date "2006.03.17"]
[Round "9"]
[White "Deglmann,L"]
[Black "Doskocil,K"]
[Result "1/2-1/2"]
[WhiteElo "2363"]
[BlackElo "2196"]

1.e4 c5 2.Nf3 Nc6 3.Bb5 e5 4.Bxc6 bxc6 5.O-O d6 6.c3 Nf6 7.d4 Qc7 8.dxe5 dxe5
9.Qe2 Be7 10.Bg5 O-O 11.Bxf6 Bxf6 12.Nbd2 Be6 13.Nc4 a5 14.Nfd2 a4 15.Qe3 Be7
16.b3 axb3 17.axb3 f6 18.Nb2 Ra7 19.Nd3 Rfa8 20.Rxa7 Qxa7 21.f4 exf4 22.Nxf4 Bf7
23.e5 fxe5 24.Nd3 c4 25.Qxa7 Rxa7 26.Nxc4 Bxc4 27.bxc4 e4 28.Ne5 Bc5+ 29.Kh1 e3
30.g3 Ra2 31.Re1 Rd2 32.Nxc6 Rc2 33.Nb4 Rxc3 34.Nd5 Rxc4 35.Nxe3  1/2-1/2

[Event "Open"]
[Site "Bad Woerishofen GER"]
[Date "2006.03.17"]
[Round "1"]
[White "Wohl,A"]
[Black "Valet,R"]
[Result "1/2-1/2"]
[WhiteElo "2452"]
[BlackElo "2064"]

1.e4 c5 2.Nf3 Nc6 3.Bb5 g6 4.Bxc6 dxc6 5.d3 Bg7 6.Nc3 Nf6 7.h3 O-O 8.Be3 b6
9.Qd2 Re8 10.Bh6 Bh8 11.O-O-O a5 12.h4 Ng4 13.h5 e5 14.hxg6 hxg6 15.Bg5 f6
16.Bh4 Bg7 17.Bg3 Kf7 18.Kb1 a4 19.Nh2 b5 20.Nxg4 Bxg4 21.f3 Be6 22.Bf2 Qa5
23.Ne2 b4 24.c4 bxc3 25.Qxc3 c4 26.dxc4 Qxc3 27.Nxc3 Bxc4 28.Rd7+ Re7 29.Rhd1 Ke8
30.Rxe7+ Kxe7 31.Bc5+ Ke8 32.Kc2 Bf8 33.Bxf8 Kxf8 34.Rd6 Kg7 35.Rxc6 Bf1
36.g3 Bg2 37.f4 exf4 38.gxf4 g5 39.fxg5 fxg5 40.Kd2 g4 41.Ke3 Rb8 42.Nxa4 Rb4
43.Rc7+ Kg6 44.b3 Rxe4+ 45.Kf2 Bf3 46.Nc3 Rd4 47.Ke3 Rd8 48.b4 Kg5 49.b5 Kh4
50.b6 Rb8 51.Ne4  1/2-1/2

[Event "2nd Bundesliga Ost 2005-6"]
[Site "Austria AUT"]
[Date "2006.03.19"]
[Round "11"]
[White "Mahdi,K"]
[Black "Markos,J"]
[Result "1/2-1/2"]
[WhiteElo "2359"]
[BlackElo "2493"]

1.e4 c5 2.Nf3 Nc6 3.Bb5 d6 4.c3 Nf6 5.d3 g6 6.O-O Bg7 7.Re1 O-O 8.h3 Bd7
9.Ba4 Rb8 10.d4 b5 11.Bb3 e5 12.dxe5 dxe5 13.Nbd2 Nh5 14.Nf1 c4 15.Bc2 Nf4
16.Bxf4 exf4 17.Qd6 b4 18.Rad1 bxc3 19.bxc3 Rb2 20.Re2 Nb8 21.Qxf4 Qa5 22.Ne3 Be6
23.Bd3 Rxe2 24.Bxe2 Qxc3 25.e5 Nc6 26.Nxc4 Bxc4 27.Qxc4 Qxc4  1/2-1/2

[Event "Sozina Open"]
[Site "Bar SCG"]
[Date "2006.03.19"]
[Round "2"]
[White "Miljanic,B"]
[Black "Veleski,R"]
[Result "1-0"]
[WhiteElo "2447"]
[BlackElo "2226"]

1.e4 c5 2.Nf3 Nc6 3.Bb5 g6 4.Bxc6 dxc6 5.d3 Bg7 6.h3 Nf6 7.Nc3 O-O 8.Be3 Nd7
9.Qd2 Re8 10.O-O b6 11.Bh6 Bh8 12.Ng5 Ne5 13.Qe2 c4 14.f4 cxd3 15.cxd3 Nxd3
16.Rad1 Ba6 17.e5 Qd4+ 18.Kh1 Rad8 19.e6 f5 20.Nf7 c5 21.Nxd8 Rxd8 22.Bg5 Kf8
23.Qf3 Qd6 24.Qg3 Re8 25.Rd2 c4 26.Re2 Bg7 27.Qf3 h6 28.Bh4 Rd8 29.Qg3 Kg8
30.Qxg6 Rf8 31.Rf3 Nxf4 32.Rxf4 Qxf4 33.Bxe7 Rc8 34.Bf6 Qf1+ 35.Kh2 Rc7 36.e7  1-0

[Event "Sozina Open"]
[Site "Bar SCG"]
[Date "2006.03.19"]
[Round "2"]
[White "Toth,Al"]
[Black "Nikolov,M"]
[Result "1/2-1/2"]
[WhiteElo "2302"]
[BlackElo "2446"]

1.e4 c5 2.Nf3 Nc6 3.Bb5 e6 4.Bxc6 bxc6 5.b3 Ne7 6.Bb2 Ng6 7.h4 h5 8.e5 f6
9.Qe2 fxe5 10.Nxe5 Qf6 11.Qe4 Nxe5 12.Bxe5 Qf7 13.Rh3 d5 14.Qd3 Rh6 15.Rf3 Qg6
16.Qxg6+ Rxg6 17.g3 Be7 18.d3 Bf6  1/2-1/2

[Event "Victor Ciocaltea Mem"]
[Site "Bucharest ROM"]
[Date "2006.03.19"]
[Round "12"]
[White "Sanduleac,V"]
[Black "Murariu,A"]
[Result "1/2-1/2"]
[WhiteElo "2473"]
[BlackElo "2461"]

1.e4 c5 2.Nf3 Nc6 3.Bb5 d6 4.d4 cxd4 5.Qxd4 Bd7 6.Bxc6 Bxc6 7.Nc3 Nf6 8.Bg5 e6
9.O-O-O Be7 10.Qd3 Qa5 11.Bd2 Qc7 12.Rhe1 a6 13.Bg5 O-O 14.Bxf6 Bxf6 15.Qxd6 Qa5
16.Qd2 Rad8 17.Qe3 Bxc3 18.Qxc3 Rxd1+ 19.Kxd1 Rd8+ 20.Kc1 Qxa2 21.b3 Bxe4
22.Nd2 Qa3+ 23.Kb1 Bc6 24.g3 h6 25.h4 Qd6 26.Nc4 Qc5 27.Re3 Bd5 28.Ne5 Qxc3
29.Rxc3 f6 30.Nd3 e5 31.Rc7 Bxb3 32.Rxb7 Bc4 33.Nb2 Bf1 34.Kc1 Bb5 35.Rc7 Rd6
36.Ra7 h5 37.Nd1 Rd7 38.Ra8+ Kf7 39.Ne3 Ke6 40.Re8+ Re7 41.Rc8 Re8 42.Rc7 Re7
43.Rc8 Re8 44.Rc7 Re7  1/2-1/2

[Event "ch-Moscow Prelim KO"]
[Site "Moscow RUS"]
[Date "2006.03.20"]
[Round "1.1"]
[White "Zaitsev,I"]
[Black "Savchenko,B"]
[Result "1-0"]
[WhiteElo "2419"]
[BlackElo "2569"]

1.e4 c5 2.Nf3 Nc6 3.Bb5 g6 4.O-O Bg7 5.c3 Nf6 6.e5 Nd5 7.d4 cxd4 8.cxd4 O-O
9.Nc3 Nxc3 10.bxc3 d6 11.Ba3 dxe5 12.d5 Na5 13.d6 exd6 14.Bxd6 e4 15.Bxf8 Qxf8
16.Nd2 Bf5 17.Qa4 Bxc3 18.Rad1 a6 19.Be2 b5 20.Qc2 Qb4 21.Nb1 Bf6 22.g4 Be6
23.a3 Qa4 24.Qxa4 bxa4 25.Rd6 Nb3 26.Rxa6 Rxa6 27.Bxa6 Bxg4 28.Re1 Bf3 29.Bb5 Nd4
30.Bxa4 Bd8 31.Bd1 g5 32.Rf1 g4 33.Nd2 f5 34.Bxf3 gxf3 35.Rd1 Be7 36.a4 Kf7
37.Kf1 Bc5 38.Rc1 Bd6 39.a5 Ke6 40.a6 Bb8 41.Rc7 Bxc7 42.a7 Bxh2 43.a8=Q Be5
44.Qg8+ Ke7 45.Qxh7+ Ke6 46.Qg8+ Ke7 47.Nc4 Bf6 48.Ne3 Be5 49.Qg6  1-0

[Event "ch-Moscow Prelim KO"]
[Site "Moscow RUS"]
[Date "2006.03.20"]
[Round "1.2"]
[White "Glek,I"]
[Black "Konovalov,N"]
[Result "1-0"]
[WhiteElo "2560"]
[BlackElo "2427"]

1.e4 c5 2.Nf3 Nc6 3.Bb5 g6 4.Bxc6 dxc6 5.d3 Bg7 6.h3 e5 7.O-O Ne7 8.Be3 b6
9.Nbd2 Qc7 10.a3 a5 11.b4 axb4 12.axb4 Rxa1 13.Qxa1 cxb4 14.Qa4 O-O 15.Qxb4 c5
16.Qb2 f5 17.Nc4 fxe4 18.dxe4 Ba6 19.Qa2 Bxc4 20.Qxc4+ Kh8 21.Ng5 Nc8 22.Rd1 h6
23.Ne6 Qf7 24.Qb3 c4 25.Qxc4 Re8 26.Qc6 Qxe6 27.Qxe6 Rxe6 28.Rd8+ Kh7 29.Rxc8 g5
30.Kf1 Bf6 31.Rb8 Kg6 32.Rxb6 Re7 33.c4 Rc7 34.c5 Kf7 35.Ke2 Be7 36.Rxh6  1-0

[Event "ch-Moscow Prelim KO"]
[Site "Moscow RUS"]
[Date "2006.03.20"]
[Round "1.2"]
[White "Nikolenko,O"]
[Black "Vasiukov,E"]
[Result "1-0"]
[WhiteElo "2527"]
[BlackElo "2493"]

1.e4 c5 2.Nf3 Nc6 3.Bb5 g6 4.Bxc6 bxc6 5.O-O Bg7 6.Re1 Nh6 7.c3 O-O 8.d4 cxd4
9.cxd4 d6 10.h3 Kh8 11.Nc3 Qb6 12.b3 Qa5 13.Bd2 Bb7 14.Rc1 Rac8 15.Rc2 f6
16.e5 fxe5 17.dxe5 Nf7 18.Ne2 Qa6 19.exd6 exd6 20.Bc3 Rce8 21.Bxg7+ Kxg7
22.Ned4 Nd8 23.Ng5 Kg8 24.Nde6 Nxe6 25.Nxe6 Qa5 26.Rce2 Ba6 27.Rd2 Rf7 28.Nd4 Rc8
29.Re3 c5 30.Nf3 c4 31.bxc4 Bxc4 32.Rxd6 Bxa2 33.Ne5 Rfc7 34.Rd8+ Rxd8 35.Qxd8+ Kg7
36.Kh2 Qb6 37.Ng4  1-0

[Event "Pius Brinzeu Mem"]
[Site "Timisoara ROM"]
[Date "2006.03.21"]
[Round "4"]
[White "Lupulescu,C"]
[Black "Milanovic,Da"]
[Result "1/2-1/2"]
[WhiteElo "2513"]
[BlackElo "2486"]

1.e4 c5 2.Nf3 Nc6 3.Bb5 e6 4.Bxc6 bxc6 5.d3 Qc7 6.O-O e5 7.c3 d6 8.d4 cxd4
9.cxd4 Nf6 10.dxe5 dxe5 11.Nbd2 Ba6 12.Re1 Nd7 13.Qc2 Be7 14.Nc4 O-O 15.Be3 Rfc8
16.Rec1 f6 17.b3 Nf8 18.b4 Kh8 19.Qa4 Bb5 20.Qb3 Rab8 21.Na5 Qd7 22.a3 Be2
23.Ne1 Ne6 24.Qc2  1/2-1/2

[Event "Torre ENTEL PCS"]
[Site "Santiago CHI"]
[Date "2006.03.23"]
[Round "3"]
[White "Felgaer,R"]
[Black "Zambrana,O"]
[Result "1/2-1/2"]
[WhiteElo "2607"]
[BlackElo "2405"]

1.e4 c5 2.Nf3 Nc6 3.Bb5 g6 4.O-O Bg7 5.c3 Nf6 6.Qe2 O-O 7.d4 d5 8.e5 Ne4
9.Be3 cxd4 10.cxd4 f5 11.exf6 exf6 12.Nc3 Kh8 13.Qc2 Bf5 14.Qa4 Nxc3 15.bxc3 Qd6
16.Nd2 Rfc8 17.Be2 a6 18.c4 Qb4 19.Qd1 Rd8 20.a3 Qc3 21.Rc1 Qb2 22.Qb3 Qxb3
23.Nxb3 dxc4 24.Bxc4 b5 25.Be2 Be4 26.a4 bxa4 27.Nc5 Bd5 28.Nxa4 Nb4 29.Rc7 Bc6
30.Nc5 a5 31.Rc1 Bd5 32.Bb5 Bf8 33.Nd7 Bg7 34.Ra1 Bg8 35.Ba4 Nd5 36.Rb7 Nxe3
37.fxe3 Bd5 38.Rc7 Rac8 39.Rxc8 Rxc8 40.Nb6 Rd8 41.Bd7 Be4 42.Rxa5 f5 43.g3 Bh6
44.Kf2 Rb8 45.Rb5 Rb7 46.d5 Bxd5 47.Bc8 Rb8 48.Rxd5 Rxb6 49.Rd8+  1/2-1/2

[Event "TCh-AUT 2005-6"]
[Site "Austria AUT"]
[Date "2006.03.24"]
[Round "9"]
[White "Zsifkovits,R"]
[Black "Hoellrigl,W"]
[Result "1/2-1/2"]
[WhiteElo "2224"]
[BlackElo "2269"]

1.e4 c5 2.Nf3 Nc6 3.Bb5 g6 4.O-O Bg7 5.Bxc6 dxc6 6.h3 e5 7.d3 Qe7 8.Be3 Nf6
9.Qd2 O-O 10.Bg5 Re8 11.Nc3 Qc7 12.Be3 b6 13.Nh2 Nd7 14.f4 exf4 15.Bxf4 Ne5
16.Nf3 Nxf3+ 17.Rxf3 Be5 18.Raf1 Be6 19.b3 b5 20.Ne2 a5 21.Be3 Qd6 22.c3 a4
23.d4 axb3 24.axb3 cxd4 25.Nxd4 Bxd4 26.cxd4 f5 27.Bf4 Qd7 28.exf5 Bxf5 29.Qf2 Be4
30.Rg3 Rf8 31.Qb2 Rf5 32.Be5 Rxf1+ 33.Kxf1 c5 34.Kg1 cxd4 35.Bxd4 Rc8 36.Qf2 Qf5
37.Qxf5 Bxf5 38.Re3 Kf7 39.b4 Rc2 40.Bc5 Be6 41.Rf3+ Ke8 42.Rf2 Rxf2  1/2-1/2

[Event "VII Dos Hermanas Internet"]
[Site "ICC INT"]
[Date "2006.03.24"]
[Round "1.1"]
[White "Mamedov,Rau"]
[Black "Savchenko,B"]
[Result "0-1"]
[WhiteElo "2525"]
[BlackElo "2569"]

1.e4 c5 2.Nf3 Nc6 3.Bb5 g6 4.c3 Bg7 5.d4 cxd4 6.cxd4 Nf6 7.Nc3 O-O 8.O-O d5
9.e5 Ne4 10.h3 Bf5 11.Ba4 Rc8 12.Bb3 Nxc3 13.bxc3 Na5 14.Bd2 Nc4 15.Bg5 h6
16.Bf4 Rc6 17.Nd2 Qa5 18.Qf3 Rfc8 19.Rfe1 Nb6 20.Nf1 Rxc3 21.Ne3 e6 22.Qe2 Bd3
23.Qd2 Qb4 24.Ng4 h5 25.Nf6+ Bxf6 26.exf6 Nc4 27.Bxc4 R3xc4 28.Qxd3 Rxd4
29.Bd6 Qxe1+  0-1

[Event "VII Dos Hermanas Internet"]
[Site "ICC INT"]
[Date "2006.03.24"]
[Round "1.3"]
[White "Mamedov,Rau"]
[Black "Savchenko,B"]
[Result "1/2-1/2"]
[WhiteElo "2525"]
[BlackElo "2569"]

1.e4 c5 2.Nf3 Nc6 3.Bb5 g6 4.c3 Nf6 5.Qe2 Bg7 6.O-O O-O 7.d4 cxd4 8.cxd4 d5
9.e5 Ne4 10.Nc3 Bf5 11.Be3 Nxc3 12.bxc3 Rc8 13.Rac1 Na5 14.Nd2 a6 15.Bd3 Bxd3
16.Qxd3 Qd7 17.c4 dxc4 18.Qa3 Qd5 19.Nb1 Nc6 20.Nc3 Qd7 21.Rfd1 b5 22.Qxa6 Nb4
23.Qxb5 Qxb5 24.Nxb5 Nxa2 25.Ra1 Nb4 26.Nc3 Rfd8 27.Kf1 Kf8 28.Ke2 Ke8 29.Ra4 Nd3
30.Rb1 f6 31.f4 g5 32.g3 gxf4 33.gxf4 Bh6 34.Rb7 fxe5 35.fxe5 Bxe3 36.Kxe3 Nxe5
37.dxe5 Rd3+ 38.Ke4 Rxc3 39.Raa7 Rh3 40.Rxe7+ Kf8 41.Rg7 Rxh2 42.Raf7+ Ke8
43.Re7+ Kf8 44.Ref7+ Ke8 45.Ra7 Kf8 46.Raf7+  1/2-1/2

[Event "TCh-AUT 2005-6"]
[Site "Austria AUT"]
[Date "2006.03.25"]
[Round "10"]
[White "Bezold,M"]
[Black "Schmidlechner,A"]
[Result "1-0"]
[WhiteElo "2534"]
[BlackElo "2245"]

1.e4 c5 2.Nf3 Nc6 3.Bb5 g6 4.Bxc6 dxc6 5.d3 Bg7 6.h3 Nf6 7.Nc3 Nd7 8.Be3 e5
9.Qd2 Qe7 10.Bh6 f6 11.Bxg7 Qxg7 12.Qe3 h5 13.a3 Qh6 14.b4 Qxe3+ 15.fxe3 b6
16.Rf1 O-O 17.Rd1 Bb7 18.Nd2 Ba6 19.Nb3 cxb4 20.axb4 Kg7 21.Ke2 Rfc8 22.Nd2 Bb5
23.Ra1 a5 24.bxa5 Rxa5 25.Nb3 Raa8 26.Rfb1 Ba6 27.Ra2 Bb7 28.Rab2 Ba6 29.Nd2 Kf7
30.Na2 Ke7 31.c4 Ra7 32.Nb4 Bb7 33.d4 Rca8 34.Nf3 Ra1 35.Rxa1 Rxa1 36.Nc2 Ra4
37.Nd2 Ba6 38.Nb4 Kd6 39.Kd3 Ra3+ 40.Nb3 Ra4 41.Kc3 exd4+ 42.exd4 c5 43.dxc5+ bxc5
44.Nxa6  1-0

[Event "ch-ARG s/f"]
[Site "Buenos Aires ARG"]
[Date "2006.03.25"]
[Round "6"]
[White "Rosito,J"]
[Black "Obregon,A"]
[Result "1/2-1/2"]
[WhiteElo "2416"]
[BlackElo "2313"]

1.e4 c5 2.Nf3 Nc6 3.Bb5 g6 4.O-O Bg7 5.c3 Nf6 6.Qe2 O-O 7.Rd1 d6 8.d4 cxd4
9.cxd4 Bg4 10.Nc3 a6 11.Bxc6 bxc6 12.h3 Bxf3 13.Qxf3 Qb6 14.b3 Nd7 15.Bb2 Rac8
16.Rac1 Qa7 17.Qd3 Rfd8 18.Rc2 Kf8 19.Na4 Nb6 20.Nxb6 Qxb6 21.Rdc1 Rc7 22.Qd2 Ra8
23.Rc4 a5 24.Qc2 Ra6 25.d5 c5 26.Bxg7+ Kxg7 27.Qc3+ Kg8 28.h4 Rc8 29.h5 Qd8
30.Qh3 Rb8 31.hxg6 hxg6 32.e5 Rb4 33.e6 Qf8 34.a3 Rxc4 35.Rxc4 fxe6 36.Qxe6+ Kg7
37.Rxc5 Qf6 38.Qxf6+ Kxf6 39.Rb5 a4 40.bxa4 Rxa4 41.Rb3 Rd4 42.Rf3+ Kg7 43.Re3 Kf6
44.Rf3+ Kg7  1/2-1/2

[Event "TCh-CZE Extraliga 2005-6"]
[Site "Czech Rep CZE"]
[Date "2006.03.25"]
[Round "10"]
[White "Nedela,V"]
[Black "Ponizil,C"]
[Result "1-0"]
[WhiteElo "2374"]
[BlackElo "2180"]

1.e4 c5 2.Nf3 Nc6 3.Bb5 g6 4.O-O Bg7 5.Re1 Nf6 6.e5 Nd5 7.Nc3 Nc7 8.Bxc6 bxc6
9.d3 O-O 10.Be3 Ne6 11.Qd2 Re8 12.Bh6 Bh8 13.Ne4 d6 14.exd6 exd6 15.c3 d5
16.Neg5 Bf6 17.Nxe6 Bxe6 18.Qf4 Bh8 19.Ng5 Rb8 20.Rxe6  1-0

[Event "TCh-CZE Extraliga 2005-6"]
[Site "Czech Rep CZE"]
[Date "2006.03.26"]
[Round "11"]
[White "Manik,M"]
[Black "Jakubiec,A"]
[Result "0-1"]
[WhiteElo "2451"]
[BlackElo "2485"]

1.e4 c5 2.Nf3 Nc6 3.Bb5 g6 4.Bxc6 bxc6 5.O-O Bg7 6.Re1 Nf6 7.e5 Nd5 8.c4 Nc7
9.d4 cxd4 10.Qxd4 d5 11.Qh4 h6 12.Nc3 Ne6 13.cxd5 cxd5 14.Rd1 Bb7 15.Qa4+ Kf8
16.Be3 Ng5 17.Nd4 Qe8 18.Rac1 Ne6 19.Qb3 Qd7 20.Na4 Bc8 21.Nc6 Qb7 22.Qxd5 Kg8
23.Nxe7+ Kh7 24.Rxc8 Rd8 25.Rxd8 Rxd8 26.Qxd8 Nxd8 27.Rxd8 Qxe7 28.Rd1 Qxe5
29.h3 Qb5 30.b3 Qe2 31.Rd2 Qe1+ 32.Kh2 h5 33.h4 Bh6 34.Bxh6 Kxh6 35.Rb2 f5
36.g3 f4 37.Kg2 Qd1 38.f3 Qd6 39.Nc3 Qd4 40.Na4 Qe5 41.gxf4 Qxf4 42.Nc5 Qc1
43.Na4 g5 44.hxg5+ Qxg5+ 45.Kh3 Qe3 46.Kg3 Kg5 47.Rg2 h4+ 48.Kh2+ Kh5 49.Nb2 Qf4+
50.Kg1 h3 51.Rg8 Qe3+ 52.Kh2 Qe2+ 53.Kxh3 Qxb2 54.f4 Qf2 55.Rg5+ Kh6 56.Rg3 Qxf4
57.Kg2 Kh5 58.Rf3 Qd2+ 59.Kg3 Kg5 60.Kh3 Qe1  0-1

[Event "ch-ARG s/f"]
[Site "Buenos Aires ARG"]
[Date "2006.03.27"]
[Round "8"]
[White "Elias,L"]
[Black "Tobares,L"]
[Result "1-0"]
[WhiteElo "2069"]
[BlackElo "2236"]

1.e4 c5 2.Nf3 Nc6 3.Bb5 g6 4.O-O Bg7 5.c3 Nf6 6.Re1 O-O 7.h3 a6 8.Bxc6 bxc6
9.d4 cxd4 10.cxd4 Rb8 11.Nc3 d6 12.b3 c5 13.Be3 Bb7 14.Qd3 cxd4 15.Bxd4 e5
16.Be3 d5 17.Bg5 d4 18.Na4 Qd6 19.Bxf6 Qxf6 20.Nd2 Rbc8 21.Nc4 Bc6 22.Nab6 Rcd8
23.a4 Qg5 24.Ra2 f5 25.Nd2 Bb7 26.b4 Qf6 27.Nbc4 Rde8 28.b5 Bh6 29.Rb2 axb5
30.axb5 Rf7 31.Ra2 Qh4 32.Nd6 Rfe7 33.Nxe8 Rxe8 34.Nf3 Qf6 35.exf5 Qf7 36.Rae2 e4
37.fxg6 Qxg6 38.Qxd4 e3 39.Qg4  1-0

[Event "TCh-FRA Top 16 Gp B"]
[Site "Gonfreville FRA"]
[Date "2006.03.30"]
[Round "4"]
[White "Galdunts,S"]
[Black "Miladinovic,I"]
[Result "0-1"]
[WhiteElo "2485"]
[BlackElo "2607"]

1.e4 c5 2.Nf3 Nc6 3.Bb5 e6 4.O-O Nge7 5.Re1 Nd4 6.Nxd4 cxd4 7.d3 a6 8.Ba4 Nc6
9.Nd2 Bb4 10.a3 Ba5 11.Qh5 O-O 12.Re2 Bc7 13.Nf3 b5 14.Bb3 Qf6 15.e5 Qg6
16.Qh3 f5 17.exf6 Qxf6 18.Bd2 Qf5 19.Qxf5 Rxf5 20.Ng5 h6 21.Ne4 Bb7 22.f4 Ne7
23.Bb4 Nd5 24.g3 Ne3 25.Nd6 Bxd6 26.Bxd6 g5 27.Be5 gxf4 28.Bxd4 Raf8 29.h3 Rg5
30.g4 Nxg4 31.hxg4 f3 32.Rh2 Rxg4+ 33.Kf2 Rxd4 34.Rxh6 Rg4 35.Rah1 Rg2+ 36.Kf1 Re2
37.R1h4 Rf5 38.Rh8+ Kf7 39.R8h7+  0-1

[Event "TCh-FRA Top 16 Gp A"]
[Site "Montpellier FRA"]
[Date "2006.03.30"]
[Round "4"]
[White "Nataf,IA"]
[Black "Calistri,T"]
[Result "1-0"]
[WhiteElo "2553"]
[BlackElo "2382"]

1.e4 c5 2.Nf3 Nc6 3.Bb5 g6 4.O-O Bg7 5.c3 Nf6 6.e5 Nd5 7.d4 cxd4 8.cxd4 O-O
9.Nc3 Nxc3 10.bxc3 d6 11.Re1 Qc7 12.exd6 exd6 13.Bf4 a6 14.Bf1 Bf5 15.Qa4 Rfd8
16.Qa3 Rac8 17.Nd2 Na5 18.Re3 Qb6 19.Rae1 d5 20.h3 Bf8 21.Qc1 f6 22.g4 Bd7
23.Bg2 Bb5 24.Re6 Rc6 25.Re8 Kf7 26.Rxf8+ Kxf8 27.Qa3+ Kg8 28.Bxd5+  1-0

[Event "TCh-FRA Top 16 Gp A"]
[Site "Montpellier FRA"]
[Date "2006.03.30"]
[Round "4"]
[White "Sokolov,Andrei3"]
[Black "Meynard,T"]
[Result "1-0"]
[WhiteElo "2179"]
[BlackElo "2234"]

1.e4 c5 2.Nf3 Nc6 3.Bb5 g6 4.Bxc6 dxc6 5.d3 Bg7 6.h3 b6 7.Nc3 e5 8.Be3 f6
9.Qd2 Be6 10.a3 Qe7 11.O-O g5 12.b4 cxb4 13.axb4 Rd8 14.d4 h5 15.d5 Rd7 16.Rfd1 Nh6
17.Bxb6 Qxb4 18.Bxa7 O-O 19.Qe3 cxd5 20.Bc5 Qb7 21.Ra7 Qc8 22.Rxd7 Bxd7 23.Nxd5  1-0

[Event "TCh-FRA Top 16 Gp B"]
[Site "Gonfreville FRA"]
[Date "2006.03.31"]
[Round "5"]
[White "Fontaine,R"]
[Black "Aguettaz,M"]
[Result "1-0"]
[WhiteElo "2524"]
[BlackElo "2338"]

1.e4 c5 2.Nf3 Nc6 3.Bb5 g6 4.O-O Bg7 5.Re1 e5 6.Bxc6 dxc6 7.d3 Bg4 8.a3 Qe7
9.b4 cxb4 10.axb4 Qxb4 11.Nbd2 Qe7 12.Bb2 Nh6 13.Ra2 Be6 14.Ra4 f6 15.Qa1 a6
16.d4 exd4 17.Nxd4 c5 18.Nf5 gxf5 19.exf5 O-O-O 20.Rxe6 Qd7 21.Bc3 Nxf5 22.Raxa6  1-0